[Event "Morava Region-chTA"]
[Site "Czech Republic"]
[Date "2025.01.12"]
[Round "6.3"]
[White "Zamarsky, Patrik"]
[Black "Busos, Daniel"]
[Result "1/2-1/2"]
[WhiteElo "1687"]
[BlackElo "1792"]
[PlyCount "34"]
[EventDate "2024.10.13"]
[EventType "team-tourn"]
[EventRounds "11"]
[EventCountry "CZE"]
[SourceTitle "CB16_2025"]
[SourceDate "2025.04.16"]
[SourceVersion "1"]
[SourceVersionDate "2025.04.16"]
[SourceQuality "1"]
[WhiteTeam "Krnov II"]
[BlackTeam "Albrechtice Tatran"]
[WhiteTeamCountry "CZE"]
[BlackTeamCountry "CZE"]

1. d4 c6 2. Bf4 d5 3. e3 Bf5 4. c3 Qb6 5. Qb3 Nd7 6. Nf3 Ngf6 7. Nbd2 Ne4 8. c4 e6 9. a3 Nxd2 10. Nxd2 Qxb3 11. Nxb3 dxc4 12. Bxc4 g5 13. Bxg5 Rg8 14. Bf4 Rxg2 15. Bg3 Be4 16. Kd2 0-0-0 17. Kc3 Nb6 1/2-1/2